00264nam a2200109Ia 4500008004100000100001800041245001400059260000900073300003100082440002400113650001700137180117s9999 xx 000 0 und d aby Zac Sarian aAgri-Talk c2015 a25 pages, 2015 December 20 aPhilippine Panorama aGOLDEN TOUCH